Hospodárska politika reálnej konvergencie SR k EÚ záverečná správa za celú dobu riešenia projektu VEGA 1/0605/08 : doba riešenia projektu od 01/2008 do 12/2010
Saved in:
| Main Author: | |
|---|---|
| Other Authors: | , , , , , , , , , , , , , , , , |
| Format: | Book |
| Language: | Slovak |
| Published: |
Bratislava
2011
|
| Subjects: | |
| Tags: |
No Tags, Be the first to tag this record!
|
MARC
| LEADER | 00000nam a2200000 4500 | ||
|---|---|---|---|
| 001 | 0172139 | ||
| 005 | 20241007121035.3 | ||
| 041 | 0 | |a slo | |
| 044 | |a SK | ||
| 245 | 1 | 0 | |a Hospodárska politika reálnej konvergencie SR k EÚ |b záverečná správa za celú dobu riešenia projektu VEGA 1/0605/08 : doba riešenia projektu od 01/2008 do 12/2010 |c vedúci projektu Pavol Vincúr |
| 264 | 1 | |a Bratislava |c 2011 | |
| 300 | |a [20 s.] | ||
| 610 | 2 | 0 | |a politika hospodárska |
| 610 | 2 | 0 | |a kríza hospodárska |
| 610 | 2 | 0 | |a rast hospodársky |
| 610 | 2 | 0 | |a stabilita hospodárstva |
| 610 | 2 | 0 | |a výkonnosť ekonomiky |
| 610 | 2 | 0 | |a konkurencieschopnosť |
| 610 | 2 | 0 | |a konvergencia |
| 610 | 2 | 0 | |a Slovensko |
| 610 | 2 | 0 | |a Európska únia |
| 100 | 1 | |a Vincúr, Pavol | |
| 700 | 1 | |a Fifeková, Elena | |
| 700 | 1 | |a Veselovská, Stanislava, 1957- | |
| 700 | 1 | |a Chandoga, Roman | |
| 700 | 1 | |a Rumpelová, Daniela, 1982- | |
| 700 | 1 | |a Fliegová, Jana | |
| 700 | 1 | |a Tokárová, Mária | |
| 700 | 1 | |a Kopkáš, Peter | |
| 700 | 1 | |a Havettová, Miroslava | |
| 700 | 1 | |a Lábaj, Martin, 1982- | |
| 700 | 1 | |a Mikulec, Vladimír | |
| 700 | 1 | |a Valach, Matej | |
| 700 | 1 | |a Kováčiková, Petra | |
| 700 | 1 | |a Fülöp, Peter | |
| 700 | 1 | |a Karabínoš, Stanislav | |
| 700 | 1 | |a Silanič, Peter, 1984- | |
| 700 | 1 | |a Sabo, Štefan | |
| 700 | 1 | |a Budaj, Jozef | |